01301nam a22003137a 45000010005000000030006000050050017000110080041000280200017000690400029000860500019001150820008001341000018001422450090001602600049002503000053002994900056003525050008004085200076004165210030004925210020005226500028005426500034005707000034006049420015006389990015006539520164006689520155008327486FISKH20250815121222.0250721b cb ||||| |||| 00| 0 eng d a030554041471 aFISKHbengcFISKHdFISKH aPE1127.S3 L434 a577 aKelley, Alden aIt started as a seed/ cWritten by Dr. Alden Kelley : Illustrated by Adjoa Burrowes  aCypress :bCreative Teaching Press , c1997. a16 pages : bcolor illustrations ;c16 x 23 cm.  aLearn to read Learn Read to learn vScience Series  aD  aWhat grows from a seed? See how a little seed can produce many things. 8 a160 bLexile estimate 8 aD bRaz-Plus  aGardening vNon-fiction aPlants and seedsvNon-fiction aBurrowes, AsjoaeIllustrator  2ddccBKn0 c7486d7486 00102lcc40708NFICa002b002cTTP Dark Greend2025-07-21l1oKEL 577 PE1127.S3 L434pFISTK01875q2025-08-28r2025-08-14 13:29:25s2025-08-14w2025-07-21yBK 00102lcc40708NFICa002b002cTTP Dark Greend2025-08-15l1oKEL 577 PE1127.S3 L434pFISTK02829r2026-03-05 08:07:53s2026-02-26t2w2025-08-15yBK